000 00562nam a2200193Ia 4500
005 20250508151650.0
008 008 250505s9999 xx 000 0 eng d
037 _aTextual
040 _aFEDL
_beng
_cFEDL
041 _aeng
_2eng
084 _a489.07, GRE
_qFEDL
245 0 _aSuggestions for the teachig of classics
245 0 _cBoard of Education
260 _aLondon, UK
_bHis Majesty's Stationery Office
_c1939
300 _a73p.
546 _aEducational pamphlet No. 116
942 _cTEXL
_h489.07, GRE
999 _c1331267
_d1331267